Estadísticas para Alimentos que comienzan con B

Haz click aquí para intentar la prueba.

Estadísticas generales

  • Esta prueba ha sido intentada 1.006 veces
  • La puntuación promedio es 11 de 20

Estadísticas de respuestas

Respuesta% Correcto
Banana
100%
Brócoli
98%
Berenjena
91%
Baguette
90%
Coles de {Bruselas}
90%
Burrito
79%
Bistec
77%
Batata
73%
Bizcocho
70%
Batido
66%
Bocadillo
62%
Budín
60%
Bagel
50%
Barbacoa
39%
Boloñesa
20%
Coquito de {Brasil}
19%
Borsch
16%
Bok Choy
11%
Bergamota
10%
Pastel {Bundt}
10%

Distribución de puntuación

Porcentaje por número respondido

Porcentaje de gente con cada puntuación

Historial de tus puntuaciones

No has intentado esta prueba.